000 00938cam a22002532 4500
001 0000001435
005 20151217151817.0
008 070312s xx 000 0 eng d
020 _a9966464883 :
_cKES 630
040 _aKABU
_cKABU
050 0 _aHC865
_b.B49 1994
245 1 0 _aBeyond capitalism vs. socialism in Kenya and Tanzania /
_cedited by Joel D. Barkan.
260 _aNairobi :
_bEast African Educational Publishers,
_cc 1994.
300 _axiv 293 p. ;
_c22 cm.
504 _aincludes bibliographical references and index (p. 263-280)
651 0 _aTanzania
_xEconomic policy.
_@0000150178
651 0 _aKenya
_xEconomics policy.
_@0000150179
651 0 _aKenya
_xpolitics annd goverment.
_y1978-.
_@0000150180
651 0 _aTanzania
_xpolitics and goverment
_y1964-.
_@0000150181
700 1 _aBarkan, Joel D.
_@0000150182
908 _a070312
950 _@1
999 _c5258
_d5258